000 00448nam a2200181Ia 4500
008 090124s9999 xx 000 0 und d
082 _b37956
100 _aSERGEEV B. F.
245 _aPHYSIOLOGY FOR EVERYONE
250 _a2
260 _bMIR PUBLISHERS MOSCOW
_c1984
300 _a326
600 _aSERGEEV B. F.
630 _aPHYSIOLOGY FOR EVERYONE
700 _aSERGEEV B. F.
730 _aPHYSIOLOGY FOR EVERYONE
942 _cBOOK
999 _c103969
_d103969